000
00290nam a2200109Ia 4500
008
200302s9999 xx 000 0 und d
100
_a
Author
245
_a
The Use of Indicators for Area Action Housing Act 1974
260
_b
Her Majesty's Stationery Office
260
_c
1995
300
_a
40 P.,
999
_c
486
_d
486